[Event "Euskadi-ch Seniors 28th"]
[Site "Zarautz"]
[Date "2018.06.23"]
[Round "3"]
[White "Ajubita Torrealdea, Jose A"]
[Black "Martinez de Butron Alberdi, Luis"]
[Result "1-0"]
[WhiteElo "1331"]
[BlackElo "1559"]
[PlyCount "86"]
[EventDate "2018.06.23"]
[EventType "swiss"]
[EventRounds "6"]
[EventCountry "ESP"]
[SourceTitle "EXT 2021"]
[Source "ChessBase"]
[SourceDate "2020.10.23"]
[SourceVersion "1"]
[SourceVersionDate "2020.10.23"]
[SourceQuality "1"]

1. e4 c5 2. Nf3 d6 3. d4 cxd4 4. Nxd4 Nf6 5. Nc3 a6 6. Bd3 g6 7. 0-0 Bg7 8. Be3 b5 9. b4 Bb7 10. f3 Nbd7 11. Rc1 0-0 12. Qd2 Rc8 13. Nce2 Nb6 14. Bh6 Nc4 15. Bxc4 Rxc4 16. Bxg7 Kxg7 17. c3 Qb6 18. Qe3 Kg8 19. Kf2 Rfc8 20. Rfd1 Bxe4 21. h3 d5 22. fxe4 Nxe4+ 23. Kf1 e5 24. Nc2 Qe6 25. Na3 Rxc3 26. Kg1 f5 27. Qf3 R3c7 28. Nb1 Qb6+ 29. Kf1 Qe6 30. Nd2 Rf7 31. Kg1 Nd6 32. Nf1 e4 33. Qf4 Nc4 34. Nd4 Qb6 35. Kh1 Rd8 36. Nd2 Nb2 37. Rf1 Nd3 38. Qg5 Rd6 39. Rc2 Kg7 40. Nxf5+ Rxf5 41. Rxf5 Nf2+ 42. Kh2 Nd3 43. Qe7+ Kh6 1-0